000 00624nam a2200241 a 4500
001 nice12345678
003 IN_TiNIC
005 20260116011719.0
008 050524s1928 egya grp 000 0 urd
020 _a
_c100
082 0 0 _a297.52
_bJAZ
100 _aJazuli, Abdullah Bin Mohamme
245 _aDalailul Khairat
260 _aEgypt
_bMaktaba-E-ilmia
_c1928
300 _a263p
500 _aincludes index and biblioraphy
505 2 _aAn altogether new interpretation of Revelation
650 _aIslam-Prayers
700 1 _aJazuli, Abdullah Bin Mohamme
902 _bSRS
942 _cBK
999 _c3500
_d3500